000 00886nam a2200241 a 4500
001 BRCA_933
005 20190320203218.0
008 970529s1996 mx-a---##b---s000-0#spa-#
020 _a9687507144
040 _aDLC
_cDLC
_dDLC
050 4 _aND259.T5
_b.R63 1996
100 1 _aRodríguez-Miaja, Fernando Edmundo
_d1952-
_9352
245 1 0 _aUna cuestión de matices
_bvida y obra de Juan Tinoco
_cFernando E. Rodríguez-Miaja.
260 _aMéxico
_bGobierno del Estado de Puebla : Universidad Iberoamericana
_c1996
300 _a463 p.
_bil. (algunas a color)
_c29 cm.
504 _aBibliografía: p. 99-108
600 1 4 _aTinoco Rodríguez, Juan
_d1641-1703
_xCrítica e interpretación
_93078
600 1 4 _aJesucristo
_xArte
_92253
600 1 4 _aVirgen María en el arte
_93079
650 1 4 _aSantos en el arte
_92342
700 1 _aTinoco Rodríguez, Juan
_d1641-1703
_93080
942 _2lcc
_cB
999 _c822
_d822